[Event "Asia zt 3.2 (Women)"]
[Site "Dhaka"]
[Date "2023.05.09"]
[Round "8"]
[White "Sabikun Nahar, Tonima"]
[Black "Ashiya, Sultana"]
[Result "1-0"]
[WhiteElo "1521"]
[BlackElo "1246"]
[PlyCount "85"]
[EventDate "2023.05.02"]
[EventType "tourn"]
[EventRounds "9"]
[EventCountry "BAN"]
[SourceTitle "CBM 215 Extra"]
[Source "ChessBase"]
[SourceDate "2023.09.30"]
[SourceVersion "1"]
[SourceVersionDate "2023.09.30"]
[SourceQuality "1"]

1. c4 e5 2. Nc3 Bc5 3. Nf3 d6 4. g3 Qf6 5. Ne4 Qf5 6. Nxc5 dxc5 7. Bg2 Nc6 8. d3 Nd4 9. Nd2 Nf6 10. 0-0 Qh5 11. e3 Bg4 12. f3 Nf5 13. fxg4 Nxg4 14. h3 Nfxe3 15. Qa4+ Ke7 16. hxg4 Nxg4 17. Nf3 Rhd8 18. Qb3 b6 19. Re1 f6 20. Be3 Kf8 21. Rad1 Rab8 22. Bc1 Re8 23. Qa3 a5 24. Qa4 h6 25. Qc6 Rbc8 26. Rf1 f5 27. Nh4 f4 28. Qg6 Nf6 29. Qxh5 Nxh5 30. gxf4 Kg8 31. Bd5+ Kh7 32. Be4+ g6 33. Bxg6+ Kh8 34. Bxh5 Rg8+ 35. Ng6+ Kh7 36. f5 Rcf8 37. Kh2 Rf6 38. Rde1 Re8 39. Nxe5 Re7 40. Bg6+ Kg7 41. Ng4 Rxe1 42. Rxe1 Rd6 43. Bxh6+ 1-0

[Event "BAN-chT Walton (Women)"]
[Site "Dhaka"]
[Date "2023.03.26"]
[Round "5"]
[White "Sabikun Nahar, Tonima"]
[Black "Chowdhury Afroza, Hoque"]
[Result "1-0"]
[WhiteElo "1515"]
[BlackElo "1372"]
[PlyCount "45"]
[EventDate "2023.03.22"]
[EventType "team-tourn"]
[EventRounds "7"]
[EventCountry "BAN"]
[SourceTitle "CBM 213 Extra"]
[Source "ChessBase"]
[SourceDate "2023.05.31"]
[SourceVersion "1"]
[SourceVersionDate "2023.05.31"]
[SourceQuality "1"]
[WhiteTeam "Shahin CC (W)"]
[BlackTeam "Basir Memorial CC (W)"]
[WhiteTeamCountry "BAN"]
[BlackTeamCountry "BAN"]

1. e4 e5 2. Nf3 Nc6 3. Bb5 d6 4. 0-0 Bg4 5. h3 Bh5 6. d3 Qf6 7. Nbd2 0-0-0 8. Bxc6 bxc6 9. c3 d5 10. Qa4 Bc5 11. d4 exd4 12. e5 Qe6 13. Nxd4 Bxd4 14. cxd4 Kb8 15. Nb3 Be2 16. Nc5 Qg6 17. Qb4+ Bb5 18. a4 Nh6 19. axb5 cxb5 20. Qxb5+ Qb6 21. Nd7+ Rxd7 22. Qxd7 Qxd4 23. Be3 1-0

[Event "BAN-ch (Women)"]
[Site "Dhaka"]
[Date "2022.01.05"]
[Round "8"]
[White "Sabikun Nahar, Tonima"]
[Black "Omnia Binta Yusuf, Lubaba"]
[Result "0-1"]
[WhiteElo "1537"]
[BlackElo "1439"]
[PlyCount "94"]
[EventDate "2021.12.29"]
[EventType "swiss"]
[EventRounds "11"]
[EventCountry "BAN"]
[SourceTitle "EXT 2023"]
[Source "ChessBase"]
[SourceDate "2022.10.05"]
[SourceVersion "1"]
[SourceVersionDate "2022.10.05"]
[SourceQuality "1"]

1. c4 c6 2. d4 d5 3. Nc3 Nf6 4. Nf3 e6 5. e3 Bb4 6. Qd3 dxc4 7. Qxc4 Nd5 8. a3 Qa5 9. Bd2 b6 10. Qb3 Nxc3 11. bxc3 Bd6 12. c4 Qh5 13. Be2 Qg6 14. 0-0 Nd7 15. Bd3 Qf6 16. e4 e5 17. Bg5 Qg6 18. Bh4 0-0 19. Bg3 exd4 20. e5 Nc5 21. Bxg6 Nxb3 22. Bxh7+ Kxh7 23. Rab1 Nd2 24. Nxd2 Bxa3 25. Nb3 Bf5 26. Ra1 Bb2 27. Ra2 Bc3 28. Rd1 a5 29. f4 a4 30. Nd2 Be6 31. Ra3 Bb4 32. Raa1 c5 33. Ne4 Bxc4 34. Be1 Bxe1 35. Rxe1 Bd3 36. Nd6 b5 37. Ra3 Bc4 38. Rc1 d3 39. Nxc4 bxc4 40. Kf2 Rfb8 41. Rxc4 Rb2+ 42. Ke1 d2+ 43. Kd1 Rd8 44. Ra1 a3 45. Ra4 c4 46. R4xa3 Rd4 47. g3 Re4 0-1

[Event "BAN-ch (Women)"]
[Site "Dhaka"]
[Date "2021.12.31"]
[Round "3"]
[White "Hamid, Rani"]
[Black "Sabikun Nahar, Tonima"]
[Result "0-1"]
[WhiteElo "1864"]
[BlackElo "1537"]
[PlyCount "46"]
[EventDate "2021.12.29"]
[EventType "swiss"]
[EventRounds "11"]
[EventCountry "BAN"]
[SourceTitle "EXT 2023"]
[Source "ChessBase"]
[SourceDate "2022.10.05"]
[SourceVersion "1"]
[SourceVersionDate "2022.10.05"]
[SourceQuality "1"]

1. e4 c6 2. d4 d5 3. Nc3 dxe4 4. Nxe4 Bf5 5. Ng3 Bg6 6. Nf3 Nd7 7. h4 h6 8. h5 Bh7 9. Bd3 Bxd3 10. Qxd3 e6 11. Bd2 Ngf6 12. 0-0-0 Be7 13. Kb1 0-0 14. Ne4 Qc7 15. g3 c5 16. Nxf6+ Nxf6 17. Bf4 Qb6 18. c4 cxd4 19. Nxd4 Rfd8 20. Be5 Ng4 21. Rhe1 Nxf2 22. Qf3 Nxd1 23. Qg4 Qxb2# 0-1

[Event "BAN Games Rapid (Women) 9th"]
[Site "Dhaka"]
[Date "2021.04.03"]
[Round "8.4"]
[White "Jannatul, Ferdous"]
[Black "Sabikun Nahar, Tonima"]
[Result "1/2-1/2"]
[WhiteElo "1778"]
[BlackElo "1533"]
[PlyCount "74"]
[EventDate "2021.04.02"]
[EventType "swiss (rapid)"]
[EventRounds "9"]
[EventCountry "BAN"]
[SourceTitle "CBM 201 Extra"]
[Source "ChessBase"]
[SourceDate "2021.05.31"]
[SourceVersion "1"]
[SourceVersionDate "2021.05.31"]
[SourceQuality "1"]

1. e4 c6 2. d4 d5 3. e5 Bf5 4. Nf3 e6 5. Be2 c5 6. Be3 Ne7 7. 0-0 cxd4 8. Nxd4 Nbc6 9. f4 Nxd4 10. Bxd4 h6 11. Nd2 Nc6 12. Bf2 Be7 13. Nf3 0-0 14. c3 a6 15. a4 Qc7 16. Kh1 f6 17. exf6 Bxf6 18. Be3 Rad8 19. Nd4 Bxd4 20. Bxd4 Nxd4 21. Qxd4 Be4 22. Qe3 e5 23. fxe5 Qxe5 24. Rxf8+ Rxf8 25. Bf3 Re8 26. Re1 Qc7 27. Qd4 Qc6 28. Bxe4 Rxe4 29. Rxe4 dxe4 30. Kg1 e3 31. Qxe3 Qxa4 32. Qd2 Qb3 33. Qd8+ Kf7 34. Qd7+ Kf6 35. Qd6+ Kf7 36. Qd7+ Kf6 37. Qd6+ Kf7 1/2-1/2

[Event "BAN Games Blitz (Women) 9th"]
[Site "Dhaka"]
[Date "2021.04.03"]
[Round "1.2"]
[White "Sabikun Nahar, Tonima"]
[Black "Sultana, Sharmin Shirin"]
[Result "0-1"]
[WhiteElo "1533"]
[BlackElo "2006"]
[PlyCount "96"]
[EventDate "2021.04.03"]
[EventType "swiss (blitz)"]
[EventRounds "9"]
[EventCountry "BAN"]
[SourceTitle "CBM 201 Extra"]
[Source "ChessBase"]
[SourceDate "2021.05.31"]
[SourceVersion "1"]
[SourceVersionDate "2021.05.31"]
[SourceQuality "1"]

1. e4 c5 2. Nf3 e6 3. d4 cxd4 4. Nxd4 a6 5. Nc3 Qc7 6. Bd3 b5 7. Be3 Bb7 8. 0-0 Nf6 9. a3 Nc6 10. f4 Nxd4 11. Bxd4 Bc5 12. Bxc5 Qxc5+ 13. Kh1 d6 14. Qe2 0-0 15. Rad1 Nd7 16. Qg4 Nf6 17. Qg3 Nh5 18. Qg4 Nf6 19. Qg3 d5 20. e5 Ne4 21. Qh4 g6 22. Ne2 Qc7 23. Ng3 Nxg3+ 24. Qxg3 Qe7 25. Qh3 Rac8 26. Kg1 Qc5+ 27. Kh1 Qe7 28. Qg3 b4 29. axb4 Qxb4 30. b3 Rc3 31. Qg5 Qb6 32. h4 Qd8 33. Qg3 h5 34. f5 exf5 35. Rxf5 Kh8 36. Rff1 Qe7 37. Qf4 Kg7 38. Qd4 Rc7 39. Rde1 Kg8 40. Qf4 Kg7 41. Qd4 Qe6 42. Qf4 Re8 43. Qd4 a5 44. Qe3 Qg4 45. Qf2 Re6 46. Re2 d4 47. Qe1 Rxe5 48. Rxe5 Qxg2# 0-1

[Event "Dhaka rapid (Women) op"]
[Site "Dhaka"]
[Date "2021.03.08"]
[Round "5"]
[White "Israt, Jahan Diba"]
[Black "Sabikun Nahar, Tonima"]
[Result "0-1"]
[WhiteElo "1459"]
[BlackElo "1764"]
[PlyCount "108"]
[EventDate "2021.03.08"]
[EventType "swiss (rapid)"]
[EventRounds "7"]
[EventCountry "BAN"]
[SourceTitle "CBM 201 Extra"]
[Source "ChessBase"]
[SourceDate "2021.05.31"]
[SourceVersion "1"]
[SourceVersionDate "2021.05.31"]
[SourceQuality "1"]

1. e4 c6 2. d4 d5 3. Nc3 dxe4 4. Nxe4 Nf6 5. Nxf6+ exf6 6. Nf3 Be7 7. Be2 0-0 8. 0-0 Bg4 9. h3 Bh5 10. Bf4 Nd7 11. c3 Nb6 12. Bg3 Nd5 13. Re1 Re8 14. a3 Bg6 15. c4 Nc7 16. Bxc7 Qxc7 17. Bd3 Rad8 18. Bxg6 hxg6 19. Qb3 g5 20. Re4 Bf8 21. Rae1 Rxe4 22. Rxe4 a6 23. h4 f5 24. Re5 g4 25. Ng5 g6 26. Qe3 Qd7 27. c5 Qxd4 28. Qxd4 Rxd4 29. h5 f6 30. Re6 fxg5 31. Rxg6+ Kh7 32. Rf6 Bxc5 33. Rxf5 b6 34. Rxg5 Rd2 35. b4 Bxf2+ 36. Kf1 g3 37. Rg6 Rc2 38. Re6 a5 39. bxa5 bxa5 40. a4 c5 41. Re7+ Kh6 42. Re6+ Kxh5 43. Rh6+ Kg4 44. Rh4+ Kf5 45. Rf4+ Ke5 46. Re4+ Kd5 47. Re5+ Kd4 48. Re8 Kc4 49. Rd8 Bd4 50. Rf8 Rc3 51. Rg8 Kb3 52. Rb8+ Kxa4 53. Rb1 Rb3 54. Ra1+ Bxa1 0-1

[Event "Dhaka rapid (Women) op"]
[Site "Dhaka"]
[Date "2021.03.08"]
[Round "3"]
[White "Tasnia Tarannum, Orpa"]
[Black "Sabikun Nahar, Tonima"]
[Result "1/2-1/2"]
[WhiteElo "1375"]
[BlackElo "1764"]
[PlyCount "149"]
[EventDate "2021.03.08"]
[EventType "swiss (rapid)"]
[EventRounds "7"]
[EventCountry "BAN"]
[SourceTitle "CBM 201 Extra"]
[Source "ChessBase"]
[SourceDate "2021.05.31"]
[SourceVersion "1"]
[SourceVersionDate "2021.05.31"]
[SourceQuality "1"]

1. e4 c6 2. d4 d5 3. Nc3 dxe4 4. Nxe4 Bf5 5. Ng3 Bg6 6. h4 h6 7. Nf3 Nf6 8. Bd3 Bxd3 9. Qxd3 e6 10. Bf4 Nd5 11. Bd2 Nd7 12. c4 N5f6 13. 0-0 Be7 14. Rfe1 0-0 15. Ne4 Ng4 16. g3 Nde5 17. Nxe5 Nxe5 18. Qc3 Nd7 19. Rad1 Nb6 20. Bf4 Qc8 21. Nd6 Qd7 22. Ne4 Rad8 23. Nc5 Qc8 24. Ne4 Rfe8 25. a3 Nd7 26. Nd6 Bxd6 27. Bxd6 Nf6 28. c5 Nd5 29. Qf3 b6 30. b4 Ne7 31. g4 Ng6 32. h5 Ne7 33. Rc1 b5 34. Ra1 Qb7 35. a4 Nc8 36. Be5 f6 37. Bg3 Rxd4 38. axb5 Qxb5 39. Bd6 Nxd6 40. cxd6 Rxd6 41. Rxa7 Qxb4 42. Rea1 Rd4 43. R7a4 Qxa4 44. Rxa4 Rxa4 45. Qxc6 Ra1+ 46. Kg2 Raa8 47. Kg3 Rac8 48. Qd6 Rcd8 49. Qc6 Kf7 50. Qe4 e5 51. Qg6+ Kg8 52. Qe4 Rd4 53. Qc6 Red8 54. Qc7 Rd3+ 55. Kg2 R8d7 56. Qc4+ Kf8 57. Qc5+ Kf7 58. Qc4+ Ke8 59. Qc6 R3d6 60. Qc8+ Ke7 61. Qc5 Ke6 62. Qc4+ Rd5 63. Qc6+ R7d6 64. Qc8+ Rd7 65. Qc6+ Ke7 66. Qc2 Rd4 67. Qc5+ Kd8 68. Qb6+ Ke8 69. Qe6+ Kd8 70. Qb6+ Ke7 71. Qc5+ R7d6 72. Qc7+ Rd7 73. Qc5+ Ke6 74. Qc6+ R4d6 75. Qc4+ 1/2-1/2

[Event "Dhaka Saarc (Women) op 1st"]
[Site "Dhaka"]
[Date "2019.11.30"]
[Round "6"]
[White "Nafisa, Nusrat Zahan"]
[Black "Sabikun Nahar, Tonima"]
[Result "0-1"]
[WhiteElo "1337"]
[BlackElo "1565"]
[PlyCount "70"]
[EventDate "2019.11.25"]
[EventType "swiss"]
[EventRounds "9"]
[EventCountry "BAN"]
[SourceTitle "CBM 193 Extra"]
[Source "ChessBase"]
[SourceDate "2020.01.31"]
[SourceVersion "1"]
[SourceVersionDate "2020.01.31"]
[SourceQuality "1"]

1. e4 c5 2. Nf3 e6 3. Nc3 Nc6 4. Bc4 a6 5. 0-0 b5 6. Be2 Nf6 7. d4 cxd4 8. Nxd4 Bb7 9. Bf3 Be7 10. Nxc6 Bxc6 11. e5 Ng8 12. a3 f5 13. Re1 Bc5 14. Be3 Bxe3 15. Rxe3 Ne7 16. Qd6 Nc8 17. Qc5 Qe7 18. Qd4 Na7 19. Rd1 Bxf3 20. Rxf3 Nc6 21. Qd6 Ra7 22. Rfd3 g5 23. Qxe7+ Kxe7 24. b4 Nxe5 25. Re3 Nc4 26. Nd5+ Kf7 27. Rf3 exd5 28. Rxd5 Re8 29. Rdxf5+ Ke7 30. Rxg5 Kd8 31. g3 Re1+ 32. Kg2 Re2 33. Rf8+ Ke7 34. Rh8 Rxc2 35. Rxh7+ Kd6 0-1

[Event "Dhaka Saarc (Women) op 1st"]
[Site "Dhaka"]
[Date "2019.11.25"]
[Round "1"]
[White "Shreshtha, Surai"]
[Black "Sabikun Nahar, Tonima"]
[Result "1-0"]
[WhiteElo "1141"]
[BlackElo "1565"]
[PlyCount "85"]
[EventDate "2019.11.25"]
[EventType "swiss"]
[EventRounds "9"]
[EventCountry "BAN"]
[SourceTitle "CBM 193 Extra"]
[Source "ChessBase"]
[SourceDate "2020.01.31"]
[SourceVersion "1"]
[SourceVersionDate "2020.01.31"]
[SourceQuality "1"]

1. e4 c5 2. Nf3 e6 3. d4 cxd4 4. Nxd4 Nf6 5. Nc3 Nc6 6. Ndb5 d6 7. Bf4 e5 8. Bg5 a6 9. Bxf6 gxf6 10. Na3 b5 11. Nd5 Be6 12. c3 f5 13. exf5 Bxf5 14. Qf3 Bd7 15. Bd3 Bg7 16. Qh5 Be6 17. Be4 Rc8 18. Nc2 Na5 19. Nce3 Kf8 20. b3 Nb7 21. b4 f6 22. Nxf6 Qxf6 23. Bxb7 Rxc3 24. Bxa6 Ke7 25. Bxb5 d5 26. 0-0 Rb8 27. Qe2 d4 28. Nd1 Rc7 29. a3 Qg6 30. Bd3 Qh6 31. Qe4 Bg8 32. f4 Rb6 33. Re1 Re6 34. f5 Rec6 35. Nf2 Qd2 36. Qe2 Qg5 37. Qg4 Qh6 38. Qxd4 Rd7 39. Qe4 Bd5 40. Qe3 Qh5 41. Bb5 Qxf5 42. Bxc6 Bxc6 43. Qc5+ 1-0

[Event "Asia zt 3.2 (Women)"]
[Site "Dhaka"]
[Date "2019.03.21"]
[Round "7"]
[White "Lohani, Sujana"]
[Black "Sabikun Nahar, Tonima"]
[Result "0-1"]
[WhiteElo "1610"]
[BlackElo "1562"]
[PlyCount "54"]
[EventDate "2019.03.15"]
[EventType "swiss"]
[EventRounds "9"]
[EventCountry "BAN"]
[SourceTitle "CBM 189 Extra"]
[Source "ChessBase"]
[SourceDate "2019.06.03"]
[SourceVersion "1"]
[SourceVersionDate "2019.06.03"]
[SourceQuality "1"]

1. d4 Nf6 2. Nf3 c5 3. d5 b5 4. a4 b4 5. c4 bxc3 6. Nxc3 d6 7. e4 g6 8. Bb5+ Bd7 9. 0-0 Bxb5 10. axb5 Bg7 11. Re1 0-0 12. e5 Ng4 13. exd6 exd6 14. Bg5 Qb6 15. Re7 Nf6 16. Qe2 Nbd7 17. Ra6 Qb8 18. Bf4 Nb6 19. Ng5 Nh5 20. Bd2 Bf6 21. Nxf7 Bxe7 22. Nh6+ Kh8 23. Qxe7 Qe8 24. Qh4 Qe5 25. g4 Nf4 26. Ra1 Rae8 27. Rxa7 Qe1+ 0-1

[Event "Asia zt 3.2 (Women)"]
[Site "Dhaka"]
[Date "2019.03.20"]
[Round "6"]
[White "Sabikun Nahar, Tonima"]
[Black "Wadifa, Ahmed"]
[Result "1-0"]
[WhiteElo "1562"]
[BlackElo "1335"]
[PlyCount "63"]
[EventDate "2019.03.15"]
[EventType "swiss"]
[EventRounds "9"]
[EventCountry "BAN"]
[SourceTitle "CBM 189 Extra"]
[Source "ChessBase"]
[SourceDate "2019.06.03"]
[SourceVersion "1"]
[SourceVersionDate "2019.06.03"]
[SourceQuality "1"]

1. c4 Nf6 2. d4 g6 3. Nc3 Bg7 4. e4 d6 5. f3 e5 6. d5 0-0 7. Be3 Nbd7 8. Nge2 Ne8 9. Ng3 f5 10. exf5 gxf5 11. Bf2 Kh8 12. Be2 Nc5 13. Nh5 Bh6 14. b4 Na6 15. a3 Nf6 16. Bh4 Bg7 17. Nxg7 Kxg7 18. 0-0 Qe8 19. Qd2 Rf7 20. f4 e4 21. Qd4 Qf8 22. Bh5 c5 23. dxc6 bxc6 24. Bxf7 Qxf7 25. Qxd6 Qe6 26. Rad1 Ng4 27. Qd4+ Kf7 28. h3 e3 29. hxg4 e2 30. Nxe2 Qxe2 31. Qf6+ Kg8 32. Rd8+ 1-0

[Event "Asia zt 3.2 (Women)"]
[Site "Dhaka"]
[Date "2019.03.17"]
[Round "3"]
[White "Sultana, Sharmin Shirin"]
[Black "Sabikun Nahar, Tonima"]
[Result "1-0"]
[WhiteElo "1981"]
[BlackElo "1562"]
[PlyCount "49"]
[EventDate "2019.03.15"]
[EventType "swiss"]
[EventRounds "9"]
[EventCountry "BAN"]
[SourceTitle "CBM 189 Extra"]
[Source "ChessBase"]
[SourceDate "2019.06.03"]
[SourceVersion "1"]
[SourceVersionDate "2019.06.03"]
[SourceQuality "1"]

1. d4 Nf6 2. Nf3 c5 3. e3 e6 4. Bd3 b5 5. Bxb5 Qa5+ 6. Nc3 Ne4 7. Bd3 Nxc3 8. bxc3 cxd4 9. exd4 Qxc3+ 10. Bd2 Qc7 11. Qe2 Be7 12. 0-0 0-0 13. Qe4 f5 14. Qxa8 Nc6 15. Rab1 h6 16. Rfe1 Bd6 17. h3 g5 18. c3 Na5 19. Ne5 Bxe5 20. Rxe5 d6 21. Reb5 Ba6 22. Rb8 Rxb8 23. Qxb8+ Qxb8 24. Rxb8+ Kg7 25. Bxa6 1-0

[Event "Shamsher Ali op (Women) 3rd"]
[Site "Dhaka"]
[Date "2018.03.07"]
[Round "6"]
[White "Israt, Jahan Diba"]
[Black "Sabikun Nahar, Tonima"]
[Result "1/2-1/2"]
[WhiteElo "1398"]
[BlackElo "1545"]
[PlyCount "73"]
[EventDate "2018.03.02"]
[EventType "swiss"]
[EventRounds "7"]
[EventCountry "BAN"]
[SourceTitle "EXT 2020"]
[Source "ChessBase"]
[SourceDate "2019.10.17"]
[SourceVersion "1"]
[SourceVersionDate "2019.10.17"]
[SourceQuality "1"]

1. e4 c5 2. Nf3 e6 3. d4 cxd4 4. Nxd4 Nc6 5. Nc3 Nf6 6. Bg5 Be7 7. Be2 Nxe4 8. Bxe7 Nxc3 9. Bxd8 Nxd1 10. Rxd1 Kxd8 11. Bf3 Ke7 12. 0-0 Nxd4 13. Rxd4 Re8 14. Re1 Kf8 15. Re3 Rb8 16. g3 b5 17. Rh4 h6 18. Bh5 Bb7 19. Rf4 Re7 20. Rb3 Bc6 21. a4 g5 22. Rd4 a6 23. Be2 Rb7 24. axb5 axb5 25. Rdb4 Re8 26. Bf3 Ra7 27. Bxc6 dxc6 28. Rc3 Ra6 29. Rd4 Ke7 30. Rcd3 Ra7 31. Kf1 c5 32. Re4 Rd8 33. Rxd8 Kxd8 34. Re5 Ra2 35. Rxc5 Rxb2 36. Ke2 Kd7 37. Kd3 1/2-1/2

[Event "Shamsher Ali op (Women) 3rd"]
[Site "Dhaka"]
[Date "2018.03.06"]
[Round "5"]
[White "Sabikun Nahar, Tonima"]
[Black "Wadifa, Ahmed"]
[Result "1-0"]
[WhiteElo "1545"]
[BlackElo "1293"]
[PlyCount "65"]
[EventDate "2018.03.02"]
[EventType "swiss"]
[EventRounds "7"]
[EventCountry "BAN"]
[SourceTitle "EXT 2020"]
[Source "ChessBase"]
[SourceDate "2019.10.17"]
[SourceVersion "1"]
[SourceVersionDate "2019.10.17"]
[SourceQuality "1"]

1. c4 Nf6 2. Nc3 g6 3. g3 Bg7 4. Bg2 0-0 5. d4 d6 6. Nf3 Nbd7 7. 0-0 e5 8. e3 Re8 9. h3 Nb6 10. dxe5 dxe5 11. Qxd8 Rxd8 12. c5 Nbd5 13. Bd2 Nxc3 14. Bxc3 Nd7 15. Rad1 Re8 16. b4 e4 17. Nd4 Ne5 18. Nb5 Re7 19. Rd8+ Bf8 20. Nxc7 Rxc7 21. Bxe5 Rd7 22. Rd1 Rxd1+ 23. Rxd1 Bf5 24. g4 Be6 25. Bxe4 Bxa2 26. Bxb7 Re8 27. Bd4 Rd8 28. Ra1 Bd5 29. Bxd5 Rxd5 30. Rxa7 Rd8 31. b5 Rc8 32. b6 Bxc5 33. b7 1-0

[Event "Dhaka Laila Alam op 9th"]
[Site "Dhaka"]
[Date "2018.02.04"]
[Round "4"]
[White "Jannatul Ferdous, Ratri Lamia"]
[Black "Sabikun Nahar, Tonima"]
[Result "0-1"]
[WhiteElo "1106"]
[BlackElo "1518"]
[PlyCount "108"]
[EventDate "2018.02.01"]
[EventType "swiss"]
[EventRounds "7"]
[EventCountry "BAN"]
[SourceTitle "CBM 182 Extra"]
[Source "ChessBase"]
[SourceDate "2018.02.23"]
[SourceVersion "1"]
[SourceVersionDate "2018.02.23"]
[SourceQuality "1"]

1. e4 c5 2. Bc4 e6 3. Nf3 Nc6 4. Nc3 Nf6 5. d3 d5 6. Bb5 d4 7. Bxc6+ bxc6 8. Ne2 Be7 9. c3 dxc3 10. Nxc3 Ba6 11. Ne5 Qc7 12. Nc4 Bxc4 13. dxc4 Rd8 14. Qc2 Rd4 15. b3 0-0 16. 0-0 Rfd8 17. g3 Qa5 18. Be3 Rd3 19. Rac1 Ng4 20. Rfe1 Bf6 21. Na4 Nxe3 22. Rxe3 Rd2 23. Qb1 Qc7 24. Ree1 Bd4 25. Rf1 Qd6 26. Rcd1 Rxd1 27. Rxd1 Bxf2+ 28. Kxf2 Qxd1 29. Qxd1 Rxd1 30. Nxc5 Rd2+ 31. Kf3 Rxa2 32. h4 Rb2 33. Kf4 Kf8 34. Ke5 Ke7 35. Kd4 Rg2 36. b4 Rxg3 37. b5 cxb5 38. cxb5 Kd6 39. Nb7+ Kc7 40. Nc5 Kb6 41. Kc4 g5 42. hxg5 Rxg5 43. Nd7+ Kc7 44. Nf6 h5 45. Kd3 h4 46. Ke3 h3 47. Kf2 h2 48. b6+ axb6 49. Ne8+ Kc6 50. e5 h1Q 51. Ke3 Qh4 52. Ke2 Rg3 53. Ke1 Qh2 54. Kf1 Rg1# 0-1

[Event "BAN-ch (Women)"]
[Site "Dhaka"]
[Date "2016.10.11"]
[Round "8"]
[White "Zisha, Zahuratul Zannat"]
[Black "Sabikun Nahar, Tonima"]
[Result "1-0"]
[WhiteElo "1594"]
[BlackElo "1599"]
[PlyCount "46"]
[EventDate "2016.10.03"]
[EventType "tourn"]
[EventRounds "11"]
[EventCountry "BAN"]
[SourceTitle "CBM 175 Extra"]
[Source "ChessBase"]
[SourceDate "2016.12.12"]
[SourceVersion "1"]
[SourceVersionDate "2016.12.12"]
[SourceQuality "1"]

1. Nf3 c5 2. Nc3 e6 3. e4 Nc6 4. d4 cxd4 5. Nxd4 Qc7 6. Ndb5 Qb8 7. Be3 a6 8. Nd4 Nf6 9. a3 Be7 10. f4 d6 11. Be2 0-0 12. 0-0 Nd7 13. f5 Nxd4 14. Bxd4 Bf6 15. fxe6 fxe6 16. Bc4 Ne5 17. Bb3 b5 18. Ne2 Ng4 19. h3 Bxd4+ 20. Qxd4 Nf6 21. Nf4 Re8 22. Rae1 Qa7 23. Qxa7 Rxa7 1-0